| 000 | 00573nam a22002057i 4500 | ||
|---|---|---|---|
| 999 |
_c172528 _d172528 |
||
| 005 | 20190512161744.0 | ||
| 008 | 190512s2017 ii a|||g |||| 00| 1 tam d | ||
| 020 |
_cRM27.00 _qpaperback |
||
| 040 |
_aPPAK _beng _cPPAK _erda |
||
| 082 | 0 | 4 |
_223 _a894.8113 |
| 090 | 0 | 0 |
_a894.8113 _bTHO _dG |
| 245 | 0 | 0 | _aThoregai Vasanthangal |
| 264 | 1 |
_aChennai, India : _bArivalayam, _c2017 |
|
| 300 |
_a188 pages : _billustrations ; _c18 cm |
||
| 336 |
_2rdacontent _atext |
||
| 337 |
_2rdamedia _aunmediated |
||
| 338 |
_2rdacarrier _avolume |
||
| 650 | 1 | 0 | _aTamil fiction |
| 942 |
_2ddc _cB |
||